000 00944nam a22002297a 4500
005 20170816155143.0
010 _aB-530174-185
020 _a9781472308542
_c299.00
020 _a9781472308542
_c350.00
035 _aB-530174-185
035 _aB-665076
037 _adpl
_bBlueberry/Ven
082 _a590
100 _aMorgan, Sally
245 _aAnimal world:
_bgo on a safari and discover the incredible animals we share the planet with/
_cby Sally Morgan
260 _aUK
_bParragon
_c2013
270 _aParragon Chartist House 15-17 Trim Street Bath, BA1 1HA,
_bUK
_mwww.parragonpublishing.in
300 _a96p.:
_bcol.ill
_c26cm(Hb)
942 _2ddc
_cCH
_h590
_mMOR
999 _c84733
_d84733